000 00311nam a22001337a 4500
008 180914b xxu||||| |||| 00| 0 eng d
020 _a9780534515430
041 _aeng
080 _a575
100 _a5
101 _aBIO
245 _aThe Biochemistry Of Human Nutrition
_cGopper.S.s
942 _2udc
_cBK
999 _c47753
_d47753